| 000 -LEADER |
| fixed length control field |
00620nam a2200229Ia 4500 |
| 001 - CONTROL NUMBER |
| control field |
18563 |
| 003 - CONTROL NUMBER IDENTIFIER |
| control field |
GE_BSU |
| 008 - FIXED-LENGTH DATA ELEMENTS--GENERAL INFORMATION |
| fixed length control field |
181216s||||||||xx |||||||||||||| ||und|| |
| 020 ## - INTERNATIONAL STANDARD BOOK NUMBER |
| International Standard Book Number |
9783407254689 |
| 040 ## - CATALOGING SOURCE |
| Transcribing agency |
GE_BSU |
| 080 ## - UNIVERSAL DECIMAL CLASSIFICATION NUMBER |
| Universal Decimal Classification number |
811.112(072) |
| 100 ## - MAIN ENTRY--PERSONAL NAME |
| Personal name |
Bastian,Johannes,Arno Combe, Roman Langer |
| 245 ## - TITLE STATEMENT |
| Title |
Feedback-Methoden:Erprobte Konzepte, evaluierte Erfahrungen. |
| 260 ## - PUBLICATION, DISTRIBUTION, ETC. |
| Place of publication, distribution, etc. |
Berlin ,Germany |
| 260 ## - PUBLICATION, DISTRIBUTION, ETC. |
| Name of publisher, distributor, etc. |
Beltz Verlag |
| 260 ## - PUBLICATION, DISTRIBUTION, ETC. |
| Date of publication, distribution, etc. |
2007 |
| 300 ## - PHYSICAL DESCRIPTION |
| Extent |
189p;24cm. |
| 653 ## - INDEX TERM--UNCONTROLLED |
| Uncontrolled term |
Feedback-Methoden |
| 653 ## - INDEX TERM--UNCONTROLLED |
| Uncontrolled term |
გერმანული ენა |
| 653 ## - INDEX TERM--UNCONTROLLED |
| Uncontrolled term |
მეთოდიკა |
| 942 ## - ADDED ENTRY ELEMENTS (KOHA) |
| Koha item type |
წიგნი |